00578nam a2200193 i 450000100060000000300090000600500170001500700030003200800410003510000170007624500860009325000160017926000560019530000220025149000300027370000200030383000300032385200310035328475ES-MaACL20230906153848.0t|030117s1935 fr ||||1| fre d1 aBaentsch, B.10aDavid Roi d'Israel / cB. Baentsch ; avant propos et traduction de Jacques Marty. a[1ere ed.]. aParís : bPayot, c1935 (eDijon : fDarantierre) a246 p. ; c23 cm.1 aBibliothèque historique1 aMarty, Jacques.0 aBibliothèque historique aES-MaACLjA-3992 bR.15960